Quick Pick: Religious Founders Quiz Stats

 Plays Quiz Updated Aug 17, 2017

Challenge
Share
Tweet
Embed
Score 0/9 Timer 01:30
1 Play Today
% Correct
Lutheranism
93.6%
Islam
92%
Scientology
91.6%
Mormonism
89.8%
Judaism
89.4%
Confucianism
88.8%
Taoism
80.6%
Sikhism
78.6%
Buddhism
75%

Today's Daily Dose

Word Ladder
Aquatic Life

On This Day
August 21st II

You're not logged in!

Compare scores with friends on all Sporcle quizzes.
Join for Free
OR
Log In

You Might Also Like...

Show Comments

Extras

Top Quizzes Today


Score Distribution

Your Account Isn't Verified!

In order to create a playlist on Sporcle, you need to verify the email address you used during registration. Go to your Sporcle Settings to finish the process.

Report this User

Report this user for behavior that violates our Community Guidelines.

Details: